| 000 | 00531nam a2200181 a 4500 | ||
|---|---|---|---|
| 005 | 20140310183555.0 | ||
| 008 | 111108s19uu xx 00 eng d | ||
| 020 | _a9715132081 | ||
| 050 |
_aBF 637 _b.D326 2006 |
||
| 100 | _aDe Jesus, Evangeline | ||
| 245 |
_aCounseling psychology : _btheory and practice / _cEvangeline de Jesus. |
||
| 250 | _a1st ed. | ||
| 260 |
_aManila : _bEducational Publishing House, _c2006. |
||
| 300 |
_a448 p. : _c448 p. : |
||
| 521 | _aPSYCH | ||
| 650 | _aCouseling psychology | ||
| 942 |
_cBK _2lcc _kLOC |
||
| 999 |
_c25017 _d25017 |
||